[Event "Online Olym Div3 E 2020"]
[Site "chess.com INT"]
[Date "2020.07.08"]
[Round "5.1"]
[Board "1"]
[White "Guzman, Christopher"]
[Black "Cu Hor, Winston Darwin"]
[Result "1/2-1/2"]
[WhiteTitle "FM"]
[BlackTitle "FM"]
[WhiteElo "2258"]
[BlackElo "2333"]
[WhiteTeam "Dominican Republic"]
[BlackTeam "Guatemala"]
[WhiteFideId "6405096"]
[BlackFideId "7300662"]
[EventDate "2020.07.07"]
[EventType "team"]

1. e4 c5 2. Nf3 d6 3. d4 Nf6 4. Nc3 cxd4 5. Nxd4 a6 6. Be2 e5 7. Nb3 Be7 8. Be3
O-O 9. a4 Nc6 10. O-O Be6 11. Nd5 Nxe4 12. f4 Nf6 13. Nxe7+ Nxe7 14. fxe5 dxe5
15. Bc5 Re8 16. Qd6 Nc6 17. Rad1 Ne4 18. Qxd8 Raxd8 19. Bb6 Rc8 20. Bf3 Ng5 21.
Nc5 Nxf3+ 22. gxf3 Nd4 23. c3 Nf5 24. Rfe1 Rc6 25. a5 Bc8 26. Rxe5 Kf8 27. Red5
Ne3 28. Kf2 Nxd1+ 29. Rxd1 f6 30. b4 Be6 31. Rd3 Bf5 32. Rd4 Ke7 33. c4 Rec8 34.
Nxb7 Rxc4 35. Nd6 Rc2+ 36. Kg3 Be6 37. Nxc8+ Rxc8 38. Bc5+ Kf7 39. Rd6 Bc4 40.
h4 h5 41. Rd4 Bb5 42. Kf4 Rg8 43. Rd5 Re8 44. Rxh5 Re1 45. Rd5 Rf1 46. Ke3 Rxf3+
47. Kxf3 Bc6 48. Ke4 Ke6 49. Bf8 Bxd5+ 50. Kf4 g6 51. Bc5 Bc4 52. Bd4 Bd3 53.
Bc3 Bb5 54. Bb2 Kf7 55. Bc3 Kg7 56. Bb2 Kf7 57. Bc3 Bf1 58. Bb2 Ke6 59. Bc3 Bd3
60. Bb2 f5 61. Bc3 Kd5 62. Bf6 Kc4 63. Be7 Kc3 64. Bd6 Kd2 65. Kg5 Ke3 66. Bf4+
Kf3 67. Bd6 Ke3 68. Bc7 Kd4 69. Kf4 Kc4 70. Bd6 Kd5 71. Bf8 Be2 72. Be7 Bd3 73.
Bc5 Be2 74. Kg5 Bh5 75. Kf4 Be2 76. Kg5 Bh5 77. Kf4 Kc6 78. Kg5 Kb5 79. Kf4 Kc4
80. Kg5 Kd5 1/2-1/2

[Event "Online Olym Div3 E 2020"]
[Site "chess.com INT"]
[Date "2020.07.08"]
[Round "5.1"]
[Board "2"]
[White "Lorenzana, Wilson Estuardo"]
[Black "Polanco Nunez, Yoel Estarling"]
[Result "1-0"]
[WhiteTitle "IM"]
[BlackTitle "CM"]
[WhiteElo "2220"]
[BlackElo "2196"]
[WhiteTeam "Guatemala"]
[BlackTeam "Dominican Republic"]
[WhiteFideId "7300239"]
[BlackFideId "6401783"]
[EventDate "2020.07.07"]
[EventType "team"]

1. e4 c5 2. Nf3 d6 3. d4 cxd4 4. Nxd4 Nf6 5. Nc3 a6 6. a3 e5 7. Nf5 d5 8. Bg5
Bxf5 9. exf5 d4 10. Bxf6 Qxf6 11. Nd5 Qd6 12. Bc4 Nd7 13. O-O Rc8 14. Ba2 Nf6
15. Qf3 Be7 16. Nxf6+ Bxf6 17. Qxb7 O-O 18. Qe4 Qc5 19. Bb3 Rb8 20. Rad1 a5 21.
a4 Rfc8 22. Rd3 h6 23. g3 Qc6 24. Re1 Qxe4 25. Rxe4 Kf8 26. Kg2 Rc5 27. f4 exf4
28. Rxf4 Re8 29. Rf2 Re1 30. Rf1 Re2+ 31. Kh1 h5 32. Rdf3 Rce5 33. R3f2 Rxf2 34.
Rxf2 Re1+ 35. Kg2 Rb1 36. Kf3 Rxb2 37. Ke4 Rb1 38. Kd3 Re1 39. Kc4 Re3 40. Kb5
Re5+ 41. Kc6 Ke7 42. Bc4 h4 43. gxh4 Bxh4 44. Rf4 Bf6 45. Rxd4 Rxf5 46. Rd7+ Ke8
47. Bxf7+ Kf8 48. Bd5 Rf2 49. c4 Rxh2 50. Ra7 Bc3 51. c5 Bb4 52. Rc7 Rh5 53. Kd6
g5 54. Rf7+ Ke8 55. Rf6 g4 56. Bc6+ 1-0

[Event "Online Olym Div3 E 2020"]
[Site "chess.com INT"]
[Date "2020.07.08"]
[Round "5.1"]
[Board "3"]
[White "Diaz Cesar, Wilsaida Pieranlly"]
[Black "Mazariegos, Silvia Carolina"]
[Result "1-0"]
[WhiteTitle "WFM"]
[BlackTitle "WIM"]
[WhiteElo "1867"]
[BlackElo "1933"]
[WhiteTeam "Dominican Republic"]
[BlackTeam "Guatemala"]
[WhiteFideId "6403557"]
[BlackFideId "7300115"]
[EventDate "2020.07.07"]
[EventType "team"]

1. e4 Nf6 2. e5 Nd5 3. c4 Nb6 4. d4 d6 5. exd6 cxd6 6. Nc3 g6 7. Be2 Bg7 8. Nf3
Nc6 9. h3 O-O 10. O-O h5 11. Re1 Bf5 12. Bf1 Re8 13. b3 e5 14. dxe5 dxe5 15. Bb2
Nd4 16. Nxd4 exd4 17. Rxe8+ Qxe8 18. Nb5 Rd8 19. Nxa7 d3 20. Bxg7 Kxg7 21. Nb5
Qe5 22. a4 Nc8 23. Ra2 h4 24. Rd2 Qe6 25. Nc7 Qe4 26. Nd5 Qe5 27. Bxd3 Bxd3 28.
Rxd3 Ne7 29. Re3 1-0

[Event "Online Olym Div3 E 2020"]
[Site "chess.com INT"]
[Date "2020.07.08"]
[Round "5.1"]
[Board "4"]
[White "Mencos Castillo, Maria"]
[Black "Gonzalez Peguero, Mary Loly"]
[Result "0-1"]
[WhiteTitle "WIM"]
[WhiteElo "1865"]
[BlackElo "1697"]
[WhiteTeam "Guatemala"]
[BlackTeam "Dominican Republic"]
[WhiteFideId "7300867"]
[BlackFideId "6421482"]
[EventDate "2020.07.07"]
[EventType "team"]

1. e4 d6 2. Nc3 Nf6 3. h3 g6 4. g3 Bg7 5. Bg2 c6 6. d3 O-O 7. Be3 e5 8. Qd2 Re8
9. Bh6 Bh8 10. Nf3 Nbd7 11. O-O a5 12. Nh2 Nc5 13. f4 Qb6 14. Kh1 Nh5 15. Qf2
exf4 16. gxf4 Qxb2 17. f5 Re7 18. fxg6 hxg6 19. Ne2 Qxc2 20. d4 Nxe4 21. Bxe4
Qxe4+ 22. Kg1 Qxe2 23. Qh4 Qe4 24. Qxe4 Rxe4 25. Rab1 Bxd4+ 26. Kg2 Re2+ 27. Kf3
Rxh2 28. Rbe1 Be6 29. Rd1 Bc5 0-1

[Event "Online Olym Div3 E 2020"]
[Site "chess.com INT"]
[Date "2020.07.08"]
[Round "5.1"]
[Board "5"]
[White "Pacheco Marte, Sergio Andres"]
[Black "Garcia Y., Brayan Alexis"]
[Result "1-0"]
[WhiteElo "1865"]
[BlackElo "1847"]
[WhiteTeam "Dominican Republic"]
[BlackTeam "Guatemala"]
[WhiteFideId "6421644"]
[BlackFideId "7303041"]
[EventDate "2020.07.07"]
[EventType "team"]

1. e4 c5 2. Nc3 g6 3. Bc4 Bg7 4. Nge2 a6 5. a4 e6 6. d3 Ne7 7. O-O O-O 8. Bg5
Nbc6 9. Qd2 Re8 10. f4 Qc7 11. e5 Nf5 12. Ne4 Kh8 13. g4 d5 14. Nf6 Rf8 15. gxf5
dxc4 16. dxc4 exf5 17. Qe3 Nd8 18. Qh3 Bxf6 19. Bxf6+ Kg8 20. Qh6 Ne6 21. Rf3 1-0

[Event "Online Olym Div3 E 2020"]
[Site "chess.com INT"]
[Date "2020.07.08"]
[Round "5.1"]
[Board "6"]
[White "Juarez Garcia, Daniela"]
[Black "Sanchez Marcelino, Jennifer"]
[Result "1-0"]
[WhiteElo "1625"]
[BlackElo "1614"]
[WhiteTeam "Guatemala"]
[BlackTeam "Dominican Republic"]
[WhiteFideId "7302703"]
[BlackFideId "6420176"]
[EventDate "2020.07.07"]
[EventType "team"]

1. e4 e5 2. Nf3 Nc6 3. Bc4 Bc5 4. d3 Nf6 5. h3 h6 6. c3 O-O 7. Bb3 Bb6 8. Nbd2
d6 9. Nf1 Be6 10. Bc2 d5 11. Qe2 dxe4 12. dxe4 Qd6 13. g4 Rad8 14. Ng3 Nd7 15.
Nh4 Nc5 16. Nhf5 Bxf5 17. Nxf5 Qd7 18. g5 hxg5 19. Bxg5 f6 20. Bd2 Nd3+ 21. Bxd3
Qxd3 22. Rg1 Qxe2+ 23. Kxe2 g5 24. h4 Bxf2 25. Rg2 Bb6 26. hxg5 fxg5 27. Bxg5
Rd7 28. Bh6+ Kf7 29. Bxf8 Kxf8 30. Rh1 Ne7 31. Rh8+ Kf7 32. Rg7+ Kf6 33. Rh6+
Ng6 34. Rhxg6# 1-0

[Event "Online Olym Div3 E 2020"]
[Site "chess.com INT"]
[Date "2020.07.08"]
[Round "5.2"]
[Board "1"]
[White "Gavarrete, Nahun"]
[Black "Jimenez Garcia, Emmanuel"]
[Result "1/2-1/2"]
[WhiteTitle "FM"]
[BlackTitle "FM"]
[WhiteElo "2359"]
[BlackElo "2397"]
[WhiteTeam "Honduras"]
[BlackTeam "Costa Rica"]
[WhiteFideId "8400709"]
[BlackFideId "6504779"]
[EventDate "2020.07.07"]
[EventType "team"]

1. e4 g6 2. d4 Bg7 3. Nc3 c6 4. Nf3 d5 5. h3 dxe4 6. Nxe4 Nf6 7. Nxf6+ exf6 8.
Bc4 O-O 9. O-O Nd7 10. Re1 Nb6 11. Bb3 a5 12. a3 a4 13. Ba2 g5 14. Qd3 h6 15.
Bd2 Re8 16. Rxe8+ Qxe8 17. Re1 Be6 18. Bxe6 fxe6 19. Qe4 Nc4 20. Bb4 Kf7 21. h4
Qd7 22. Qg4 Re8 23. Nd2 Nxd2 24. Bxd2 Kg8 25. hxg5 hxg5 26. Re3 Qf7 27. c4 b5
28. cxb5 cxb5 29. Rc3 e5 30. dxe5 Rxe5 31. Rc8+ Re8 32. Rc5 Qb3 33. Bc3 Re7 34.
Rc8+ Kh7 35. Qf5+ Kh6 36. Bxf6 Qd1+ 37. Kh2 Qd6+ 38. f4 Qxf6 39. fxg5+ Qxg5 40.
Rc6+ Kh5 41. Qh3+ Qh4 42. g4+ Kg5 43. Rg6+ Kxg6 44. Qxh4 Re2+ 45. Kg3 Re5 46.
Qd8 Kf7 47. Qd7+ Kg6 48. Qd3+ Kf7 49. Qd7+ Kg6 50. Qd6+ Kf7 51. Qd8 Kg6 52. Qd3+
Kf7 53. Kf4 Bf6 54. Qd7+ Kg6 55. Qc6 Kf7 56. Qd7+ Kg6 57. Qd6 Rg5 58. Qe6 Kg7
59. Qd7+ Kg6 60. Qe8+ Kg7 61. Qe6 Rc5 62. Qd6 Rg5 63. Qc7+ Kg6 64. Qb8 Kg7 65.
Qd6 Kg6 66. Qe6 Kg7 67. Qd7+ Kg6 68. Qc8 Kg7 69. Qb8 Kf7 70. Qc7+ Kg6 71. Qb8
Kf7 72. Qa8 Kg7 73. Qe8 Rd5 74. Qe2 Rc5 75. Qe6 Rg5 1/2-1/2

[Event "Online Olym Div3 E 2020"]
[Site "chess.com INT"]
[Date "2020.07.08"]
[Round "5.2"]
[Board "2"]
[White "Duran Vega, Sergio"]
[Black "Chinchilla, Alejandro Jose"]
[Result "1/2-1/2"]
[WhiteTitle "IM"]
[WhiteElo "2340"]
[BlackElo "2178"]
[WhiteTeam "Costa Rica"]
[BlackTeam "Honduras"]
[WhiteFideId "6501311"]
[BlackFideId "8401136"]
[EventDate "2020.07.07"]
[EventType "team"]

1. c4 Nf6 2. Nc3 g6 3. g3 c6 4. Qa4 Bg7 5. Bg2 O-O 6. d4 d5 7. cxd5 cxd5 8. Bg5
Nc6 9. Bxf6 Bxf6 10. e3 e6 11. Nge2 Qa5 12. Rc1 Bd7 13. Qxa5 Nxa5 14. b3 Be7 15.
Kd2 Ba3 16. Rc2 Rfc8 17. Ra1 Rc7 18. Nb1 Bb4+ 19. Kc1 Rac8 20. Rxc7 Rxc7+ 21.
Kb2 Be1 22. f3 Bf2 23. e4 Nc6 24. exd5 exd5 25. Nbc3 Nxd4 26. Nf4 Nb5 27. Nfxd5 1/2-1/2

[Event "Online Olym Div3 E 2020"]
[Site "chess.com INT"]
[Date "2020.07.08"]
[Round "5.2"]
[Board "3"]
[White "Figueroa, Any"]
[Black "Hernandez Alvarez, Tania Regla"]
[Result "0-1"]
[BlackTitle "WIM"]
[WhiteElo "1610"]
[BlackElo "2041"]
[WhiteTeam "Honduras"]
[BlackTeam "Costa Rica"]
[WhiteFideId "8402817"]
[BlackFideId "3501442"]
[EventDate "2020.07.07"]
[EventType "team"]

1. Nf3 c5 2. d4 cxd4 3. Nxd4 Nc6 4. Nf3 g6 5. g3 Bg7 6. Bg2 Nf6 7. c4 O-O 8. O-O
d6 9. Nc3 Bg4 10. h3 Be6 11. b3 Ne4 12. Nxe4 Bxa1 13. Bh6 Bg7 14. Bxg7 Kxg7 15.
Qa1+ f6 16. Neg5 Qd7 17. Nxe6+ Qxe6 18. e3 h6 19. Nd4 Nxd4 20. exd4 Rab8 21. Re1
Qd7 22. d5 b5 23. Re2 bxc4 24. bxc4 Rfc8 25. Qc3 Rb7 26. Kh2 Rbc7 27. Re4 Kf7
28. Bf1 Qf5 29. Qe3 Rb8 30. Bd3 Rb2 31. Rf4 Qe5 32. Re4 Qg5 33. Qxg5 hxg5 34.
Re2 Rcb7 35. Kg2 Rxe2 36. Bxe2 Rb2 37. Kf3 Rxa2 38. Ke3 a5 39. Bd3 a4 40. Bb1
Rb2 0-1

[Event "Online Olym Div3 E 2020"]
[Site "chess.com INT"]
[Date "2020.07.08"]
[Round "5.2"]
[Board "4"]
[White "Rodriguez Arrieta, Maria Elena"]
[Black "Torres Hernandez, Leslie Carolin"]
[Result "0-1"]
[WhiteTitle "WIM"]
[BlackTitle "WFM"]
[WhiteElo "1905"]
[BlackElo "1884"]
[WhiteTeam "Costa Rica"]
[BlackTeam "Honduras"]
[WhiteFideId "6502911"]
[BlackFideId "8400504"]
[EventDate "2020.07.07"]
[EventType "team"]

1. e4 c6 2. d4 d5 3. Nd2 Nf6 4. e5 Ng8 5. Bd3 Nh6 6. Ne2 Bf5 7. Nf3 Bxd3 8. Qxd3
g6 9. O-O Bg7 10. Bf4 e6 11. Bg5 Qb6 12. Qa3 Bf8 13. Qd3 Nd7 14. h3 Nf5 15. b3
Be7 16. Bxe7 Nxe7 17. a4 a5 18. c4 c5 19. Rac1 O-O 20. Ng3 cxd4 21. cxd5 Nxd5
22. Ne4 Rac8 23. Rc4 Nc5 24. Nxc5 Rxc5 25. Qxd4 Rxc4 26. Qxc4 Rd8 27. Ng5 Qb4
28. Rc1 Qxc4 29. Rxc4 Rb8 30. Kf1 h6 31. Ne4 Kf8 32. Ke2 Ke7 33. g3 b5 34. Rc5
bxa4 35. bxa4 Rb4 36. Nd6 Rxa4 37. Rb5 Nc3+ 38. Kd3 Nxb5 39. Nxb5 Ra2 40. f4 Rg2
41. g4 Rg3+ 42. Ke4 Rxh3 43. Nd6 a4 44. Nc4 a3 0-1

[Event "Online Olym Div3 E 2020"]
[Site "chess.com INT"]
[Date "2020.07.08"]
[Round "5.2"]
[Board "5"]
[White "Miller, Marlon"]
[Black "Valverde Mora, Mauricio"]
[Result "1-0"]
[WhiteTitle "FM"]
[WhiteElo "2092"]
[BlackElo "1792"]
[WhiteTeam "Honduras"]
[BlackTeam "Costa Rica"]
[WhiteFideId "8400555"]
[BlackFideId "6515223"]
[EventDate "2020.07.07"]
[EventType "team"]

1. c4 Nf6 2. Nf3 g6 3. g3 Bg7 4. Bg2 O-O 5. O-O d5 6. cxd5 Nxd5 7. d4 c5 8. Nc3
Nc6 9. Nxd5 Qxd5 10. Be3 Qd8 11. d5 Nb4 12. Bxc5 Nxd5 13. e4 Nf6 14. Qxd8 Rxd8
15. Bxe7 Re8 16. Bxf6 Bxf6 17. e5 Bxe5 18. Rfe1 f6 19. Rac1 Be6 20. Nxe5 fxe5
21. Rxe5 Bxa2 22. Ra5 Bf7 23. Bxb7 Rab8 24. Bd5 Bxd5 25. Rxd5 Rxb2 26. Rd7 Ree2
27. Rc8+ 1-0

[Event "Online Olym Div3 E 2020"]
[Site "chess.com INT"]
[Date "2020.07.08"]
[Round "5.2"]
[Board "6"]
[White "Salazar Gould, Melanie"]
[Black "Garcia Reyes, Alejandra Nicolle"]
[Result "1-0"]
[WhiteTitle "WFM"]
[WhiteElo "1957"]
[BlackElo "1531"]
[WhiteTeam "Costa Rica"]
[BlackTeam "Honduras"]
[WhiteFideId "6505090"]
[BlackFideId "8403023"]
[EventDate "2020.07.07"]
[EventType "team"]

1. d4 d5 2. Nf3 Nf6 3. Bf4 e6 4. e3 Bd6 5. Bg3 Nbd7 6. Bd3 Bxg3 7. hxg3 Qe7 8.
c3 e5 9. dxe5 Nxe5 10. Bc2 Bg4 11. Nbd2 O-O-O 12. Qb1 g6 13. Nxe5 Qxe5 14. Nf3
Qe7 15. Nd4 Nh5 16. Bd1 Bxd1 17. Qxd1 f5 18. Qa4 a6 19. O-O-O Qe4 20. Qc2 Qxg2
21. Ne6 Rde8 22. Ng5 Nxg3 23. fxg3 Qxg3 24. Nxh7 Qxe3+ 25. Kb1 Qe7 26. Qh2 g5
27. Rde1 Qxe1+ 28. Rxe1 Rxe1+ 29. Kc2 Re7 30. Qh3 g4 31. Qd3 Rexh7 32. Qxf5+ Kb8
33. Qxg4 Rh2+ 34. Kb3 c6 35. Qf4+ Ka7 36. Ka3 R2h4 37. Qe3+ Kb8 38. Qe5+ Ka7 39.
b4 R8h5 40. Qe3+ Kb8 41. Ka4 Re4 42. Qg3+ Ka7 43. Qf2+ Kb8 44. Qf8+ Ka7 45. Qc5+
Kb8 46. Qd6+ Ka7 47. Qc5+ Kb8 48. Ka5 Rhe5 49. Kb6 d4 50. Qd6+ Ka8 51. Qd8# 1-0

[Event "Online Olym Div3 E 2020"]
[Site "chess.com INT"]
[Date "2020.07.08"]
[Round "5.3"]
[Board "1"]
[White "Alfaro, William"]
[Black "Ibarra Chami, Luis Fernando"]
[Result "1-0"]
[WhiteTitle "FM"]
[BlackTitle "GM"]
[WhiteElo "2135"]
[BlackElo "2447"]
[WhiteTeam "Nicaragua"]
[BlackTeam "Mexico"]
[WhiteFideId "6100457"]
[BlackFideId "5105048"]
[EventDate "2020.07.07"]
[EventType "team"]

1. e4 c5 2. d4 cxd4 3. c3 dxc3 4. Nxc3 e6 5. Nf3 a6 6. Bc4 Qc7 7. Bb3 Nc6 8. O-O
Bd6 9. Qd2 Nge7 10. Rd1 Bb4 11. Qg5 Ng6 12. Be3 O-O 13. Rac1 Qa5 14. Qg3 Qh5 15.
Nd5 exd5 16. Rxd5 Nce5 17. Nxe5 Nxe5 18. Rxe5 Qe2 19. Rg5 Qxb2 20. e5 g6 21.
Rxg6+ hxg6 22. Qxg6+ Kh8 23. Qh6+ Kg8 24. Bc2 f5 25. Bb3+ Qxb3 26. Qg6+ Kh8 27.
axb3 1-0

[Event "Online Olym Div3 E 2020"]
[Site "chess.com INT"]
[Date "2020.07.08"]
[Round "5.3"]
[Board "2"]
[White "Gracia Alvarez, Gerardo An"]
[Black "Ortiz, Marcos"]
[Result "0-1"]
[WhiteTitle "FM"]
[WhiteElo "2308"]
[BlackElo "2191"]
[WhiteTeam "Mexico"]
[BlackTeam "Nicaragua"]
[WhiteFideId "5109124"]
[BlackFideId "6100678"]
[EventDate "2020.07.07"]
[EventType "team"]

1. d4 Nf6 2. Bf4 d6 3. Nc3 Nbd7 4. Nf3 c6 5. e4 Qa5 6. Qd2 e5 7. Bg3 Be7 8. Bd3
O-O 9. O-O Re8 10. Rfe1 Bf8 11. Rad1 h6 12. h3 b5 13. a3 Qb6 14. Bf1 Bb7 15. Bh2
a6 16. Qc1 g6 17. Kh1 exd4 18. Nxd4 c5 19. Nde2 Nxe4 20. Nxe4 Rxe4 21. Nc3 Rxe1
22. Rxe1 d5 23. Qf4 d4 24. Ne4 Re8 25. Re2 Rxe4 26. Rxe4 Bxe4 27. Qxe4 Qe6 28.
Qa8 Kh7 29. Bg3 Bg7 30. Kh2 Be5 31. Bd3 Bxg3+ 32. fxg3 Nf6 33. Qa7 Nd7 34. b4 c4
35. Be4 Qxe4 36. Qxd7 Kg7 37. Qd6 d3 38. cxd3 cxd3 39. Qxa6 Qd4 0-1

[Event "Online Olym Div3 E 2020"]
[Site "chess.com INT"]
[Date "2020.07.08"]
[Round "5.3"]
[Board "3"]
[White "Granados Diaz, Maria Esther"]
[Black "Corrales Jimenez, Zenia"]
[Result "0-1"]
[WhiteTitle "WIM"]
[BlackTitle "WIM"]
[WhiteElo "1839"]
[BlackElo "2234"]
[WhiteTeam "Nicaragua"]
[BlackTeam "Mexico"]
[WhiteFideId "6101488"]
[BlackFideId "3506355"]
[EventDate "2020.07.07"]
[EventType "team"]

1. e4 c5 2. Nf3 d6 3. d4 cxd4 4. Nxd4 Nf6 5. Nc3 g6 6. Be3 Bg7 7. Be2 Nc6 8. Qd2
O-O 9. O-O-O Nxd4 10. Bxd4 Be6 11. Kb1 Qa5 12. Nd5 Qxd2 13. Nxf6+ Bxf6 14. Rxd2
Bxd4 15. Rxd4 Rfc8 16. b3 Rc5 17. c4 a5 18. Kb2 Rac8 19. a4 f5 20. Bd3 f4 21.
Be2 Rf8 22. h4 h6 23. Rh2 Kg7 24. Rd1 Kf6 25. Kc3 b6 26. Kd4 Bf7 27. Kc3 Ke5 28.
Bf3 Be6 29. Rdh1 b5 30. axb5 a4 31. Be2 axb3 32. Kxb3 Rxb5+ 33. Kc3 Rc5 34. Ra1
Rfc8 35. Ra4 Bd7 36. Ra7 R8c7 37. Rxc7 Rxc7 38. Bd3 Ra7 39. Rh1 Ra2 40. Bc2 Bc6
41. f3 Ra3+ 42. Bb3 Ba4 43. Rb1 Rxb3+ 44. Rxb3 Bxb3 45. Kxb3 Kd4 46. Kb4 Ke3 47.
c5 dxc5+ 48. Kxc5 Kf2 49. e5 Kxg2 50. e6 Kxf3 51. Kc6 Kg4 52. Kd7 f3 53. Kxe7 f2
54. Kd8 f1=Q 55. e7 Qd3+ 56. Kc8 Qc4+ 57. Kd8 Qd5+ 58. Kc8 Qc6+ 0-1

[Event "Online Olym Div3 E 2020"]
[Site "chess.com INT"]
[Date "2020.07.08"]
[Round "5.3"]
[Board "4"]
[White "Real Pereyra, Diana Carime"]
[Black "Ferrufino, Michelle"]
[Result "1-0"]
[WhiteTitle "WIM"]
[WhiteElo "2042"]
[BlackElo "1822"]
[WhiteTeam "Mexico"]
[BlackTeam "Nicaragua"]
[WhiteFideId "5104106"]
[BlackFideId "6103162"]
[EventDate "2020.07.07"]
[EventType "team"]

1. e4 c5 2. Nc3 e6 3. Nf3 Nc6 4. d4 cxd4 5. Nxd4 a6 6. Nb3 Nf6 7. Bd3 Qc7 8. f4
h5 9. e5 Ng4 10. h3 Nh6 11. Qxh5 Be7 12. Be3 b5 13. O-O-O Bb7 14. Qe2 Rc8 15.
Kb1 Nb4 16. Rhg1 Nxd3 17. Qxd3 Nf5 18. Bf2 b4 19. Ne4 Bxe4 20. Qxe4 a5 21. g4 a4
22. gxf5 axb3 23. cxb3 Qc6 24. Qxc6 Rxc6 25. fxe6 dxe6 26. Rxg7 Rxh3 27. Rg8+
Bf8 28. Be1 Rh1 29. Rxf8+ Kxf8 30. Bxb4+ Kg7 31. Rxh1 Kg6 32. Be7 Kf5 33. Bg5
Rc7 34. Rc1 Rd7 35. a4 Ke4 36. a5 Rb7 37. Ka2 Rb5 38. Rc4+ Kd5 39. Ra4 Kc6 40.
a6 1-0

[Event "Online Olym Div3 E 2020"]
[Site "chess.com INT"]
[Date "2020.07.08"]
[Round "5.3"]
[Board "5"]
[White "Espinoza Solano, Jose Nahum"]
[Black "Tello Chavez, Isaac Valent"]
[Result "1/2-1/2"]
[BlackTitle "FM"]
[WhiteElo "2082"]
[BlackElo "2275"]
[WhiteTeam "Nicaragua"]
[BlackTeam "Mexico"]
[WhiteFideId "6104428"]
[BlackFideId "5114241"]
[EventDate "2020.07.07"]
[EventType "team"]

1. e4 c6 2. d4 d5 3. exd5 cxd5 4. c4 Nf6 5. Nc3 Nc6 6. Nf3 e6 7. c5 Be7 8. Bb5
Bd7 9. O-O O-O 10. Re1 Rc8 11. Rb1 b6 12. b4 bxc5 13. bxc5 Na5 14. Bd3 Bc6 15.
Ne5 Nd7 16. f4 Nf6 17. f5 Ne4 18. Bxe4 dxe4 19. fxe6 fxe6 20. Be3 Bd5 21. Qg4
Bf6 22. Nxe4 Bxe4 23. Qxe4 Qd5 24. Qxd5 exd5 25. Rb5 Nc6 26. Nxc6 Rxc6 27. Rb7
Re8 28. Kf2 Rce6 29. Rxa7 Rxe3 30. Rxe3 Bxd4 31. Ra3 Bxc5 32. Kf3 Bxe3 33. Rxe3
Ra8 34. a3 Ra4 35. Rd3 Kf7 36. Rxd5 Rxa3+ 1/2-1/2

[Event "Online Olym Div3 E 2020"]
[Site "chess.com INT"]
[Date "2020.07.08"]
[Round "5.3"]
[Board "6"]
[White "Lopez Sanchez, Anastacia Antonia"]
[Black "Munoz Cortez, Anahi Alexandra"]
[Result "1-0"]
[WhiteTitle "WCM"]
[WhiteElo "1809"]
[BlackElo "1284"]
[WhiteTeam "Mexico"]
[BlackTeam "Nicaragua"]
[WhiteFideId "5115825"]
[BlackFideId "6109527"]
[EventDate "2020.07.07"]
[EventType "team"]

1. d4 d5 2. g3 Nf6 3. Bg2 Bf5 4. Nf3 e6 5. O-O Bd6 6. c4 dxc4 7. Qa4+ Nc6 8.
Qxc4 O-O 9. Nc3 a6 10. Bg5 h6 11. Bxf6 Qxf6 12. e4 Bg4 13. e5 Qe7 14. exd6 Qxd6
15. d5 Bxf3 16. Bxf3 exd5 17. Bxd5 Na5 18. Qg4 c6 19. Bg2 Qe6 20. Qxe6 fxe6 21.
Bh3 Rfe8 22. Rfe1 e5 23. Re4 b5 24. Rae1 Nc4 25. R1e2 Rad8 26. Kg2 Rd2 27. Rxd2
Nxd2 28. Re2 Nc4 29. b3 Nb6 30. Ne4 Nd5 31. Nc5 a5 32. Be6+ Kh8 33. Bxd5 cxd5
34. Nd3 e4 35. Nf4 d4 36. Rd2 d3 37. Nd5 Rc8 38. Ne3 a4 39. bxa4 bxa4 40. f3
exf3+ 41. Kxf3 Rd8 42. Ke4 Kg8 43. Rxd3 Rxd3 44. Kxd3 Kf7 45. Kc4 Ke6 46. Kb4
Ke5 47. Kxa4 Ke4 48. Nc4 Kf3 49. Kb5 Kg2 50. Ne5 Kxh2 51. g4 Kg3 52. a4 Kf4 53.
a5 Kxe5 54. a6 Kf4 55. a7 Kxg4 56. a8=Q g5 57. Qg2+ Kh4 58. Kc5 h5 59. Kd4 g4
60. Ke4 g3 61. Qh1+ Kg4 62. Ke3 h4 63. Ke2 Kf4 64. Qxh4+ Kf5 65. Qxg3 Kf6 66.
Qh4+ Kg6 67. Qe4+ Kf6 68. Qd5 Ke7 69. Kf3 Kf6 70. Ke4 Ke7 71. Qc6 Kf8 72. Ke5
Kf7 73. Qe6+ Kg7 74. Qf6+ Kg8 75. Qe7 Kh8 76. Kf6 Kg8 77. Qg7# 1-0

[Event "Online Olym Div3 E 2020"]
[Site "chess.com INT"]
[Date "2020.07.08"]
[Round "5.4"]
[Board "1"]
[White "Sanchez Alvarez, Roberto Carlos"]
[Black "Arias, Lemnys A."]
[Result "1/2-1/2"]
[WhiteTitle "IM"]
[BlackTitle "IM"]
[WhiteElo "2409"]
[BlackElo "2303"]
[WhiteTeam "Panama"]
[BlackTeam "El Salvador"]
[WhiteFideId "3508684"]
[BlackFideId "6700284"]
[EventDate "2020.07.07"]
[EventType "team"]

1. d4 d5 2. c4 c6 3. Nf3 Nf6 4. Nc3 a6 5. Qc2 g6 6. Bg5 Bg7 7. cxd5 cxd5 8. Bxf6
Bxf6 9. Nxd5 O-O 10. Nxf6+ exf6 11. e3 Nc6 12. Be2 f5 13. Rd1 Be6 14. b3 Nb4 15.
Qd2 Qa5 16. O-O Rac8 17. a3 Rc2 18. axb4 Rxd2 19. bxa5 Rxe2 20. d5 Bd7 21. Nd4
Ra2 22. Ra1 Rxa1 23. Rxa1 Rc8 24. b4 Kf8 25. Nb3 Rc4 26. Nc5 Ke8 27. Rb1 Bc8 28.
d6 f4 29. exf4 Rd4 30. d7+ Bxd7 31. Nxb7 Rxf4 32. b5 Bxb5 33. Nd6+ Kf8 34. Nxb5
axb5 35. Ra1 Rc4 36. a6 Rc8 37. Kf1 Ke7 38. Ke2 Kd6 39. Kd3 Ra8 40. a7 Kc6 41.
Kc3 Kb6 42. Kb4 Rxa7 43. Rxa7 Kxa7 44. Kxb5 Kb7 45. Kc5 Kc7 46. Kd5 Kd7 47. f4
h5 48. f5 Ke7 49. Ke5 f6+ 50. Ke4 Kf7 51. fxg6+ Kxg6 52. Kf4 Kg7 53. Kf5 Kf7 54.
h4 Kg7 55. Ke6 Kg6 56. g3 Kg7 57. Ke7 Kg6 58. Ke6 Kg7 59. Kf5 Kf7 60. Kf4 Kg7
61. Ke4 Kg6 62. Kf4 Kg7 63. Kf5 Kf7 64. Kf4 Kg7 1/2-1/2